| 000 | 00625nam a2200205 a 4500 | ||
|---|---|---|---|
| 005 | 20250307063812.0 | ||
| 008 | 011116s1991 mx r 000 0 spa d | ||
| 020 | _a9682955912 | ||
| 035 | _aUPN01000113957 | ||
| 049 | _aCG | ||
| 050 | 4 |
_aPM181 _bS5.7 |
|
| 245 | 0 | 0 |
_aSituación actual y perspectivas de la literatura en lenguas indígenas / _ccoord. Carlos Montemayor. |
| 260 |
_aMéxico : _bCNCA, _c1991. |
||
| 300 | _a196 p. | ||
| 440 | 0 | _aPensar la cultura | |
| 650 | 4 |
_aINDIOS - _xLITERATURA _926719 |
|
| 650 | 4 |
_aLenguaje y lenguas _93837 |
|
| 700 | 1 |
_aMontemayor, Carlos, _d1947-2010 _ecoord. _929366 |
|
| 905 | _aLibro | ||
| 999 |
_c87865 _d87865 |
||